000 00353nam a2200145 i 4500
001 bg
100 1 _aMIKOŁAJUK, K.
245 0 _aElektrotechnika teoretyczna /
_cK. Mikołajuk, Z. Trzaska.
260 _aWarszawa,
_c1987.
700 1 _aTRZASKA, Zdzisław
040 _cBPK
041 _apol
942 _cKS
008 s pl f |000 0 pol
999 _c3493
_d3493
856 _uhttp://koha.tu.koszalin.pl/cgi-bin/koha/opac-detail.pl?biblionumber=3493
_yKatalog online BPK